000
00263nam a22001097a 4500
082
_a
671.52 ROD'M
100
_a
ROMANS, D,SIMONS, ERIC N
_9
77906
245
_a
WELDING PROCESSES AND TECHNOLOGY
260
_a
LONDON
_b
SIR ISAAC
_c
1968
300
_a
268P
942
_c
BK
999
_c
583089
_d
583089